The Logic of Scientific Discovery.

Wedi'i Gadw mewn:
Manylion Llyfryddiaeth
Prif Awdur: Popper, Karl R (Awdur)
Fformat: Anhysbys
Cyhoeddwyd: London, United Kingdom: Routledge, 2002.
Pynciau:
Tagiau: Ychwanegu Tag
Dim Tagiau, Byddwch y cyntaf i dagio'r cofnod hwn!

MARC

LEADER 00000 a2200000 4500
003 CL-VaPUC
005 20231108154959.0
008 231020t2002 ||||| |||| 00| 0 eng d
999 |c 442050  |d 442048 
020 |a 9780415278447 
040 |c Pontificia Universidad Católica de Valparaíso 
082 7 |a 501 POP 2002  |2 22 
100 |a Popper, Karl R  |9 311827  |e author 
245 1 4 |a The Logic of Scientific Discovery. 
260 |a London, United Kingdom:  |b Routledge,  |c 2002. 
300 |a 513 páginas.  
583 |k GC  |c 20231020 
650 0 |a Ciencia  |9 863059  |x Filosofía 
942 |2 ddc  |c BK 
952 |0 0  |1 0  |2 ddc  |4 0  |6 501_000000000000000_POP_2002  |7 0  |8 A  |9 592049  |a BIBMAT  |b BIBMAT  |c E_DIDACT  |d 2023-10-20  |e 1  |g 40540.00  |i 5659086  |o 501 POP 2002  |p 5659086  |r 2025-01-07  |t 1  |v 40540.00  |w 2023-10-20  |y BK  |k DDM